<?xml version="1.0" encoding="UTF-8"?>
<record
    xmlns:xsi="http://www.w3.org/2001/XMLSchema-instance"
    xsi:schemaLocation="http://www.loc.gov/MARC21/slim http://www.loc.gov/standards/marcxml/schema/MARC21slim.xsd"
    xmlns="http://www.loc.gov/MARC21/slim">

  <leader>00812nam a22002177a 4500</leader>
  <controlfield tag="005">20100730134719.0</controlfield>
  <datafield tag="010" ind1=" " ind2=" ">
    <subfield code="a">ENG- 97445</subfield>
  </datafield>
  <datafield tag="020" ind1=" " ind2=" ">
    <subfield code="a">9788184840261</subfield>
    <subfield code="c">750.00</subfield>
  </datafield>
  <datafield tag="035" ind1=" " ind2=" ">
    <subfield code="a">EN-80978</subfield>
  </datafield>
  <datafield tag="037" ind1=" " ind2=" ">
    <subfield code="b">DBAD/PUB</subfield>
  </datafield>
  <datafield tag="082" ind1=" " ind2=" ">
    <subfield code="a">371.967</subfield>
  </datafield>
  <datafield tag="100" ind1=" " ind2=" ">
    <subfield code="a">Das, B.C.</subfield>
    <subfield code="9">3614</subfield>
  </datafield>
  <datafield tag="245" ind1=" " ind2=" ">
    <subfield code="a">Tribal education :</subfield>
    <subfield code="b">trends and future scenario /</subfield>
    <subfield code="c">by B.S. Das ; foreword by P.K. Sahoo   </subfield>
  </datafield>
  <datafield tag="260" ind1=" " ind2=" ">
    <subfield code="a">New Delhi</subfield>
    <subfield code="b">Regal Publications</subfield>
    <subfield code="c">2009</subfield>
  </datafield>
  <datafield tag="270" ind1=" " ind2=" ">
    <subfield code="a">F-159, Rajouri Garden,</subfield>
    <subfield code="b">New Delhi</subfield>
    <subfield code="e">110 027</subfield>
  </datafield>
  <datafield tag="300" ind1=" " ind2=" ">
    <subfield code="a">xiv, 186p.</subfield>
    <subfield code="c">22 cm (Hb)</subfield>
  </datafield>
  <datafield tag="500" ind1=" " ind2=" ">
    <subfield code="a">Includes bibliographical references and index</subfield>
  </datafield>
  <datafield tag="700" ind1=" " ind2=" ">
    <subfield code="a">Sahoo, P.K.</subfield>
    <subfield code="9">3161</subfield>
  </datafield>
  <datafield tag="942" ind1=" " ind2=" ">
    <subfield code="2">ddc</subfield>
    <subfield code="c">EN</subfield>
    <subfield code="h">371.967</subfield>
    <subfield code="m">DAS</subfield>
  </datafield>
  <datafield tag="999" ind1=" " ind2=" ">
    <subfield code="c">38247</subfield>
    <subfield code="d">38247</subfield>
  </datafield>
  <datafield tag="952" ind1=" " ind2=" ">
    <subfield code="0">0</subfield>
    <subfield code="1">0</subfield>
    <subfield code="4">0</subfield>
    <subfield code="7">1</subfield>
    <subfield code="8">NFIC</subfield>
    <subfield code="a">DBAD</subfield>
    <subfield code="b">DBAD</subfield>
    <subfield code="d">2010-07-30</subfield>
    <subfield code="e">DBAD/PUB</subfield>
    <subfield code="g">750.00</subfield>
    <subfield code="l">0</subfield>
    <subfield code="o">371.967 DAS</subfield>
    <subfield code="p">EN-80978</subfield>
    <subfield code="r">2010-07-30 00:00:00</subfield>
    <subfield code="t">1</subfield>
    <subfield code="v">750.00</subfield>
    <subfield code="w">2010-07-30</subfield>
    <subfield code="y">EN</subfield>
  </datafield>
</record>
